El juguete rabioso /

Guardado en:
Autor Principal: Arlt, Roberto
Formato: Libro
Publicado: Buenos Aires : Losada, 1985
Edición:6a. ed.
Series:Biblioteca Clásica y Contemporánea
Materias:
Etiquetas: Agregar Etiqueta
Sin Etiquetas, Sea el primero en etiquetar este registro!
LEADER 00611nam a22002175a 4500
001 CEM.cems000693
005 20080611083055.0
008 130507s1985##################000#0#####d
003 CEMS
082 0 4 |a A863.4 
100 1 |a Arlt, Roberto 
245 1 0 |a El juguete rabioso /  |c Roberto Arlt 
250 |a 6a. ed. 
260 |a Buenos Aires :  |b Losada,  |c 1985 
300 |a 136 p. 
490 0 |a Biblioteca Clásica y Contemporánea 
653 |a Literatura 
653 |a Literatura argentina 
653 |a Novela argentina-siglo 20 
653 |a Novelas 
859 |a CEMS  |b BIB. CEMS - 11 de abril  |h A863.4  |i Ar75a6  |p 14391.86  |t Ej.1